| 000 | 00840nam a22002537a 4500 | ||
|---|---|---|---|
| 005 | 20170123162334.0 | ||
| 010 | _aA-688269 | ||
| 020 |
_c00.00 _a8172019912 |
||
| 035 | _aA-688269 | ||
| 037 | _bCen Lib/Ret | ||
| 040 |
_aDPL _bUR |
||
| 082 |
_a840.8 _bخ ل ی |
||
| 100 |
_aخلیق انجم _9140817 |
||
| 245 |
_aاردو ادب : _cخلیق انجم _bراج بہادر گوڑ نمبر / |
||
| 246 |
_aUrdu adab : Raj Bahadur Gor number / _bby Khaleeq Anjum |
||
| 260 |
_aنیی دہلی _bانجمن ترقی اردو _c1993 |
||
| 270 | _bنیی دہلی | ||
| 300 |
_a147p. _c21cm(Hb) |
||
| 650 |
_aادب - اردو _9140818 |
||
| 650 |
_aاردو سوانے عمری _9140819 |
||
| 650 |
_aLiterature - Urdu _9140820 |
||
| 650 |
_aUrdu biography _9511 |
||
| 942 |
_2ddc _cUR _h840.8 _mخ ل ی |
||
| 999 |
_c108014 _d108014 |
||